Quick Pick: Yankees Hall of Famers Quiz Stats

 Plays Quiz Updated Jul 17, 2018

Challenge
Share
Tweet
Embed
Score 0/10 Timer 01:00
1 Play Today
% Correct
Berra
96.9%
DiMaggio
96.9%
Ruth
96.8%
Gehrig
95.8%
Mantle
94.9%
Ford
91.7%
Rizzuto
87.5%
Gomez
85.4%
Dickey
82.5%
Ruffing
81.4%

Today's Daily Dose

Missing Word
Hayao Miyazaki

Word Ladder
Florida

On This Day
December 13th II

You're not logged in!

Compare scores with friends on all Sporcle quizzes.
OR
Log In

You Might Also Like...

Show Comments

Extras

Top Quizzes Today


Score Distribution

Your Account Isn't Verified!

In order to create a playlist on Sporcle, you need to verify the email address you used during registration. Go to your Sporcle Settings to finish the process.

Report this User

Report this user for behavior that violates our Community Guidelines.

Details: